| 000 | 08276nam a22006497a 4500 | ||
|---|---|---|---|
| 008 | 081105t xxu||||| |||| 00| 0 eng d | ||
| 010 | _aB-277624-658 | ||
| 020 |
_a9788179927984 _c295.00 |
||
| 035 | _aB-277624-658 | ||
| 037 | _aAakar Books/I/124/10.6.08/63/16.5.08/11.7.08 | ||
| 040 |
_adpl _bEnglish |
||
| 082 | _a658.401 | ||
| 100 | _aSilvester, James L. | ||
| 245 |
_a401 questions every entrepreneur should ask / _cby James L. Silvester |
||
| 260 |
_aMumbai _bJaico Publishing House _c2008 |
||
| 270 |
_a121 Mahatma Gandhi Raod, _bMumbai _e400001 |
||
| 300 |
_a256p. _c23cm (pbk) |
||
| 500 | _aIncludes index | ||
| 942 |
_2ddc _cEN _mSIL _h658.401 |
||
| 999 |
_c18037 _d18037 |
||